00293nam a2200121Ia 4500008004100000082001400041100001900055245002500074600001100099630002500110700001100135730002500146090122s9999 xx 000 0 und d b6264a822 aArthurbMiller aDeath of a sales man aArthur aDeath of a sales man aArthur aDeath of a sales man